Darts world champions : sudden death - Statistiken

Allgemein
  • Dieses Quiz wurde 783 mal gespielt
  • Das Durchschnittsergebnis liegt bei 9 aus 10
Answers on the Grid
Answers color-coded by a green-red scale on the quiz's grid according to % correct below.
Michael van Gerwen
Dave Chisnall
Phil Taylor
Luke Littler
James Wade
Gabriel Clemens
Rob Cross
Peter Wright
Mervyn King
Dimitri van den Bergh
Garry Anderson
Nathan Aspinall
Ian White
Luke Humphries
Gerwyn Price
Martin Schindler
Raymond van Barneveld
Ricky Evans
Jonny Clayton
Adrian Lewis
 
Antwortstatistiken
Antwort % Korrekt
Michael van Gerwen
97%
Luke Littler
94%
Phil Taylor
93%
Peter Wright
89%
Gerwyn Price
85%
Luke Humphries
84%
Rob Cross
82%
Garry Anderson
81%
Raymond van Barneveld
78%
Adrian Lewis
75%
Keine übereinstimmenden Quizze gefunden
Verteilung der Resultate
Anzahl Personen mit jedem Resultat
Perzentil nach korrekt beantworteten Fragen
Ihre Resultats-Entwicklung
Sie haben dieses Quiz noch nicht gespielt